[Event "Capablanca Memorial op-B 45th"]
[Site "Havana"]
[Date "2011.05.12"]
[Round "2"]
[White "Fernandez Guillen, Ernesto J"]
[Black "De Quesada Pena, Alexei"]
[Result "1/2-1/2"]
[WhiteElo "2149"]
[BlackElo "2234"]
[PlyCount "90"]
[EventDate "2011.05.11"]
[EventType "swiss"]
[EventRounds "7"]
[EventCountry "CUB"]
[SourceTitle "CBM 142 Extra"]
[Source "ChessBase"]
[SourceDate "2011.06.27"]
[SourceVersion "1"]
[SourceVersionDate "2011.06.27"]
[SourceQuality "1"]

1. e4 c5 2. Nf3 d6 3. d4 cxd4 4. Nxd4 Nf6 5. Nc3 a6 6. a4 e5 7. Nf3 h6 8. Bc4 Qc7 9. Qe2 Bg4 10. Bb3 Nc6 11. Be3 Be7 12. h3 Bh5 13. g4 Bg6 14. Nh4 Nxe4 15. Nxg6 Nxc3 16. Bxf7+ Kxf7 17. Nxh8+ Rxh8 18. bxc3 Na5 19. 0-0 Qc6 20. f4 Bf6 21. fxe5 dxe5 22. Rab1 Nc4 23. Bf2 Rd8 24. Rb4 Nd2 25. Rb6 Qxc3 26. Rxb7+ Kg8 27. Bb6 Rc8 28. Rf2 Qg3+ 29. Kh1 Rxc2 30. Qd1 Qxh3+ 31. Rh2 Qd3 32. Rd7 Qxd7 33. Qxc2 Qd5+ 34. Rg2 Nc4 35. Bg1 e4 36. Qb3 Bg5 37. Qb8+ Kh7 38. Qc8 e3 39. Qf5+ Qxf5 40. gxf5 Nd6 41. Rc2 Nxf5 42. Rc6 Bh4 43. Bxe3 Nxe3 44. Rxa6 g5 45. a5 g4 1/2-1/2